|
|
|
|
| LEADER |
00000nab a2200000 a 4500 |
| 001 |
vtls000110098 |
| 003 |
SK-MaSNL |
| 005 |
20260304180846.0 |
| 008 |
250423c1981 xo 0 slo |
| 015 |
|
|
|a SNBRB19rr/mm-uuuuu
|
| 035 |
|
|
|a CL0120201
|
| 035 |
|
|
|a urn:nbn:sk:snk-abf05q
|
| 035 |
|
|
|a (urnnbn)urn:nbn:sk:snk:ar-0055io
|
| 035 |
|
|
|a (uuid)8787958a-df0c-4f13-8f73-eed3e26be5d7
|
| 035 |
|
|
|a (urnnbn)urn:nbn:sk:snk:ar-0055ia
|
| 035 |
|
|
|a (uuid)5baa4f93-2dae-4ebb-97e7-f0eafded49fa
|
| 040 |
|
|
|a SNKBUCL
|b slo
|c SNKBUCL
|e AACR2
|
| 041 |
0 |
|
|a slo
|
| 044 |
|
|
|a xo
|c SK
|
| 080 |
|
|
|a 82(091):885.4"19"
|2 1981
|
| 080 |
|
|
|a 885.4"19"
|2 1981
|
| 080 |
|
|
|a 885.4"19"(091)
|2 1981
|
| 080 |
|
|
|a 929 Novomeský, Ladislav
|2 1981
|
| 100 |
1 |
|
|a Brezina, Ján,
|d 1917-1997
|4 aut
|9 106668
|
| 245 |
1 |
0 |
|a Novomeského návraty k domovu
|b (Do mesta 30 min.)
|c Ján Brezina
|
| 600 |
1 |
7 |
|a Novomeský, Ladislav,
|d 1904-1976
|2 snkbucl
|9 75208
|
| 650 |
0 |
7 |
|a slovenská poézia
|2 snkbucl
|9 215422
|
| 655 |
|
7 |
|a štúdie
|2 snkbucl
|9 57033
|
| 655 |
|
7 |
|a články z novín a časopisov
|2 snkbucl
|9 267496
|
| 655 |
|
7 |
|a články z odboru literárna veda a krásna literatúra
|2 snkbucl
|9 770045
|
| 773 |
0 |
|
|t Slovenská literatúra
|g Roč. 28, č. 3, 4 (1981), s. 222-241, 346-371
|
| 850 |
|
|
|a Slovenská národná knižnica
|
| 852 |
|
|
|a Slovenská národná knižnica
|
| 954 |
|
|
|a odborná, vedecká literatúra pôvodná (slovenská)
|2 lita
|
| 958 |
|
|
|a article27
|
| 958 |
|
|
|a RK
|
| 958 |
|
|
|a LX
|
| 958 |
|
|
|a OND
|
| 958 |
|
|
|a EUIPO
|
| 992 |
|
|
|a RBX
|
| 999 |
|
|
|c 3020139
|d 3022069
|